[Event "Titled Tuesday intern op 02nd Apr Early"]
[Site "Chess.com INT"]
[Date "2024.04.02"]
[Round "6"]
[White "Sonis, Francesco"]
[Black "Bartel, Michal"]
[Result "1-0"]
[WhiteElo "2562"]
[BlackElo "2252"]
[PlyCount "91"]
[EventDate "2024.04.02"]
[EventType "swiss (blitz)"]
[EventRounds "11"]
[EventCountry "USA"]
[SourceTitle "CB15_2024"]
[SourceDate "2024.04.10"]
[SourceVersion "1"]
[SourceVersionDate "2024.04.10"]
[SourceQuality "1"]

1. Nf3 d5 2. e3 Nf6 3. c4 e6 4. d4 a6 5. Nbd2 dxc4 6. Nxc4 b5 7. Nce5 Bd6 8. a4 b4 9. a5 0-0 10. Bd2 Bb7 11. Qa4 Qe7 12. Bd3 Ne4 13. Qc2 f5 14. Bc4 Nd7 15. Nxd7 Qxd7 16. Qb3 Nxd2 17. Bxe6+ Kh8 18. Kxd2 Qe7 19. Rhc1 f4 20. Bd5 fxe3+ 21. fxe3 Bxd5 22. Qxd5 Rae8 23. Re1 c5 24. Qc4 Qb7 25. d5 Be5 26. Nxe5 Rxe5 27. e4 Qe7 28. Re2 Re8 29. Rae1 Qd6 30. Kc2 h6 31. Kb1 R8e7 32. h3 Re8 33. Rf1 Qe7 34. Rf4 Qd6 35. Ref2 Qg6 36. Ka2 Rxe4 37. Rxe4 Rxe4 38. Qxc5 b3+ 39. Ka3 Re1 40. Qf8+ Kh7 41. Qf5 Rd1 42. Kxb3 Rd3+ 43. Kc4 Rg3 44. Qxg6+ Kxg6 45. d6 Rxg2 46. Rxg2+ 1-0

[Event "Titled Tuesday intern op 16th Jan Early"]
[Site "Chess.com INT"]
[Date "2024.01.16"]
[Round "9"]
[White "Sonis, Francesco"]
[Black "Anton Guijarro, David"]
[Result "1/2-1/2"]
[WhiteElo "2573"]
[BlackElo "2670"]
[PlyCount "176"]
[EventDate "2024.01.16"]
[EventType "swiss (blitz)"]
[EventRounds "11"]
[EventCountry "USA"]
[SourceTitle "CB04_2024"]
[SourceDate "2023.10.16"]
[SourceVersion "1"]
[SourceVersionDate "2023.10.16"]
[SourceQuality "1"]

1. d4 d5 2. c4 e6 3. Nc3 Bb4 4. a3 Bxc3+ 5. bxc3 Nf6 6. f3 0-0 7. e3 c6 8. Bd3 b6 9. e4 Ba6 10. e5 Nfd7 11. f4 Bxc4 12. Bxc4 dxc4 13. Nf3 b5 14. Qc2 f5 15. exf6 Qxf6 16. 0-0 Qf5 17. Qe2 Nb6 18. Ne5 Qf6 19. Bd2 N8d7 20. Nxc6 Rfc8 21. Ne5 Nxe5 22. dxe5 Qg6 23. Be3 Nd5 24. Bd4 Rf8 25. Qd2 h5 26. Rf3 a6 27. a4 Rad8 28. Raf1 Rf5 29. Kh1 Rdf8 30. g3 Qg4 31. Qg2 bxa4 32. h3 Qg6 33. Qa2 h4 34. Rg1 R8f7 35. Qxc4 Kh7 36. Qxa6 hxg3 37. Rfxg3 Qh6 38. Qxa4 Rh5 39. Qc2+ Kh8 40. R1g2 Rxf4 41. Kh2 Rfh4 42. Kg1 Rxh3 43. Rxh3 Rxh3 44. Rh2 Kg8 45. Rxh3 Qxh3 46. Qg2 Qf5 47. Kh2 Nf4 48. Qf3 Qc2+ 49. Qf2 Qe4 50. Kg3 Nd5 51. Qf3 Qg6+ 52. Qg4 Qd3+ 53. Qf3 Qd2 54. Qg4 Qe1+ 55. Kh2 Qd2+ 56. Kg3 Qh6 57. Qh4 Qg6+ 58. Qg4 Qf7 59. Qf3 Qd7 60. Kf2 Ne7 61. Ke3 Nf5+ 62. Kd3 Qb5+ 63. Kc2 Qc4 64. Qd3 Qa2+ 65. Kd1 Kf7 66. Qf3 g5 67. Qh5+ Kf8 68. Bc5+ Kg7 69. Qxg5+ Kh7 70. Qh5+ Kg7 71. Qg5+ Kh7 72. Bf8 Qb3+ 73. Kd2 Qb2+ 74. Kd3 Qb1+ 75. Kd2 Qa2+ 76. Ke1 Qb1+ 77. Kf2 Qc2+ 78. Kg1 Qd1+ 79. Kh2 Qc2+ 80. Qg2 Qxc3 81. Qh3+ Qxh3+ 82. Kxh3 Kg8 83. Bc5 Kf7 84. Kg4 Kg6 85. Kf4 Ng7 86. Kg4 Nf5 87. Kf4 Ng7 88. Kg4 Nf5 1/2-1/2

[Event "Titled Tuesday intern op 16th Jan Early"]
[Site "Chess.com INT"]
[Date "2024.01.16"]
[Round "11"]
[White "Sonis, Francesco"]
[Black "Rosen, Eric S"]
[Result "0-1"]
[WhiteElo "2573"]
[BlackElo "2361"]
[PlyCount "74"]
[EventDate "2024.01.16"]
[EventType "swiss (blitz)"]
[EventRounds "11"]
[EventCountry "USA"]
[SourceTitle "CB04_2024"]
[SourceDate "2023.10.16"]
[SourceVersion "1"]
[SourceVersionDate "2023.10.16"]
[SourceQuality "1"]

1. e4 c5 2. Nf3 Nc6 3. g3 e5 4. Bg2 g6 5. d3 Bg7 6. 0-0 Nge7 7. c3 0-0 8. Re1 h6 9. Na3 d6 10. d4 cxd4 11. cxd4 Bg4 12. d5 Nd4 13. Nc2 Nxc2 14. Qxc2 Rc8 15. Qb3 Qa5 16. Bd2 Qa6 17. Bb4 f5 18. Nd2 f4 19. Bf1 Qb6 20. Nc4 Rxc4 21. Bxc4 fxg3 22. Qxg3 Qxb4 23. Qxg4 Qxc4 24. Rac1 Qd4 25. Re2 Kh7 26. h3 Qb6 27. Qd7 Bf6 28. Rc7 Rf7 29. Rec2 Bh4 30. Qe6 Rxf2 31. R2c5 Rf8 32. Rxe7+ Bxe7 33. Qxe7+ Kg8 34. Qe6+ Rf7 35. b4 dxc5 36. Qe8+ Kg7 37. Qxe5+ Qf6 0-1